Les 20 meilleurs buteurs de l'histoire de la Liga - Statistiques

Statistiques générales
  • Ce quiz a été pris 1 039 fois
  • Le résultat moyen est 8 sur 20
Statistiques - réponses
Classement Club où le joueur
à le plus marqué
Période d'activité Nationalité Buts Joueur % Correct
2 Real Madrid 2009 - 2018 Portugais 311 Cristiano Ronaldo
100%
1 FC Barcelone 2004 - 2021 Argentin 474 Lionel Messi
100%
5 Real Madrid 2009 - ... Français 230 Karim Benzema
94%
15 FC Barcelone 2014 - 2022 Uruguayen 178 Luis Suarez
88%
17 Atlético de Madrid 2010 - ... Français 168 Antoine Griezmann
86%
6 Real Madrid 1994 - 2010 Espagnol 228 Raul
78%
18 FC Barcelone 1998 - 2009 Camerounais 162 Samuel Eto'o
75%
7 Real Madrid 1953 - 1966 Espagnol 227 Alfredo Di Stéfano
62%
13 Valence CF 2003 - 2014 Espagnol 185 David Villa
50%
4 Real Madrid 1981 - 1994 Mexicain 234 Hugo Sanchez
46%
20 Athletic Club 2002 - 2020 Espagnol 158 Aritz Aduriz
36%
19 Atlético de Madrid 1960 - 1975 Espagnol 160 Luis Aragonés
7%
3 Athletic Club 1940 - 1955 Espagnol 251 Telmo Zarra
6%
12 Real Madrid 1971 - 1988 Espagnol 186 Santillana
4%
9 Sporting Gijon 1970 - 1987 Espagnol 219 Quini
3%
8 FC Barcelone 1941 - 1960 Espagnol 223 César
2%
16 Athletic Club 1929 - 1946 Espagnol 178 Guillermo Gorostiza
1%
14 Séville FC 1943 - 1959 Espagnol 182 Juan Arza
1%
11 Valence CF 1939 - 1951 Espagnol 195 Mundo
1%
10 Real Madrid 1943 - 1956 Espagnol 210 Pahino
1%
Aucun quiz correspondant
Distribution des résultats
% des personnes avec chaque résultat
Percentile par nombre de réponses
Votre historique - résultats
Vous n’avez pas pris ce quiz